000
00209nam a22000857a 4500
008
170624b xxu||||| |||| 00| 0 eng d
100
_9
3661
_a
Amaral. M
245
_a
Butterfly Readers 2
260
_a
Mumbai
_b
J. B
_c
2008
999
_c
7076
_d
7076